Quiz da Islândia - Statistics

Estatísticas Gerais
  • Esse quiz foi jogado 941 vezes
  • A pontuação média é 8 de 17
Estatísticas das Respostas
Dica Resposta % Correto
Língua oficial Islandês
96%
Capital da Islândia Reykjavík
82%
A Islândia fazia parte deste país antes de 1918 Dinamarca
77%
Tipo de bioma que cobre 62,7% da Islândia (começa com T) Tundra
62%
Por pessoa, a Islândia come mais disso do que qualquer outro país, exceto as Maldivas Peixe
59%
A Islândia teve uma série de "guerras" durante 1958 a 1976 contra este país, com a Islândia ganhado as guerras Reino Unido
58%
Junto com o Japão, a Islândia é um dos poucos países que permitem pessoas a caçar esses animais Baleias
51%
Religião principal Luteranismo
50%
Cordilheira principalmente subaquática da qual a Islândia faz parte Cordilheira Meso{atlântica}
46%
Moeda oficial Coroa
46%
Grupo de pessoas que se estabeleceram na Islândia a partir de 874 d.C. Nórdicos
34%
Ilha colonizada por Érico o Vermelho, no final do século X Gronelândia
32%
Corrente oceânica que mantém a Islândia mais quente do que seria de outra forma Corrente do {Golfo}
30%
O Alþingi, fundado em 930 d.C., é considerado o ______ mais antigo do mundo, pelo menos 200 anos mais velho que o da Inglaterra Parlamento
20%
História tradicional sobre a história da Islândia (começa com S) Saga
20%
Filho de Érico o Vermelho, que fundou a Vinlândia Leif Eriksson
15%
Vulcão que entrou em erupção em 2010 {Eyja}fjallajökull
13%
Nenhum quiz correspondente encontrado
Distribuição das Pontuações
Porcentagem de Pessoas com Cada Pontuação
Percentil de Números Respondidos
Sua Pontuação Histórica
Você não jogou esse quiz